LEADER 01438nam0 22002893i 450 001 SUN0132950 005 20210331111405.670 010 $a8-88-916-4453-4$d0.00 100 $a20210331d2020 |0itac50 ba 101 $aita 102 $aIT 105 $a|||| ||||| 200 1 $a*Associazioni sportive dilettantistiche (ASD) e società sportive (SSD)$eaggiornato con Decreto rilancio (D.L$h34/2020)$iDecreto liquidità (D.L$h23/2020)$iDecreto cura Italia (D.L$h18/2020) e con tutte le disposizioni normative approvate entro il 30 novembre 2020 (aggiornamenti online)$fCinzia De Stefanis, Antonio Quercia, Luigi Quercia 205 $a12. ed 210 $aSantarcangelo di Romagna$cMaggioli$d2020 215 $a612 p.$d24 cm 410 1$1001SUN0001316$12001 $aProfessionisti & imprese$v139$1210 $aSantarcangelo di Romagna$cMaggioli. 620 $dSantarcangelo di Romagna$3SUNL000123 700 1$aDe Stefanis$b, Cinzia$3SUNV017207$0267953 701 1$aQuercia$b, Luigi$3SUNV054522$0414273 701 1$aQuercia$b, Antonio$3SUNV101551$0524401 712 $aMaggioli$3SUNV000144$4650 801 $aIT$bSOL$c20210405$gRICA 912 $aSUN0132950 950 $aUFFICIO DI BIBLIOTECA DEL DIPARTIMENTO DI GIURISPRUDENZA$d00CONS IV.Eol.16 $e00 132950 20210331 996 $aAssociazioni sportive dilettantistiche (ASD) e società sportive (SSD)$91770466 997 $aUNICAMPANIA LEADER 01994nam0 22004213i 450 001 CFI0006492 005 20251003044106.0 010 $a8815002685 100 $a20111027d1983 ||||0itac50 ba 101 | $aita 102 $ait 181 1$6z01$ai $bxxxe 182 1$6z01$an 183 1$6z01$anc$2RDAcarrier 200 1 $aˆI ‰trasferimenti dello stato alle imprese industriali negli anni Settanta$fa cura di Pippo Ranci 210 $aBologna$cil Mulino$d1983 215 $a177 p.$d22 cm 225 | $aQuaderni de L'industria$v14 312 $aTi. del dorso: ˆI ‰trasferimenti dello stato alle imprese$9UBO4894040 410 0$1001CFI0004132$12001 $aQuaderni de L'industria$v14 517 1 $aˆI ‰trasferimenti dello stato alle imprese$9UBO4894040 606 $aAziende industriali$xFinanziamenti statali$x1970-1979$2FIR$3BVEC125118$9I 606 $aItalia$xPolitica industriale$x1970-1979$2FIR$3BVEC125119$9I 676 $a338.480945$9INDUSTRIE SECONDARIE E SERVIZI. POLITICHE PUBBLICHE. Italia$v23 676 $a338.945$9SVILUPPO ECONOMICO. Italia$v21 696 $aImprese industriali$aAzienda industriale$aIndustrie 699 $aAziende industriali$yImprese industriali 699 $aAziende industriali$zAzienda industriale 699 $aAziende industriali$yIndustrie 702 1$aRanci$b, Pippo$3CFIV004752 801 3$aIT$bIT-000000$c20111027 850 $aIT-BN0095 901 $bNAP 01$cPOZZO LIB.$nVi sono collocati fondi di economia, periodici di ingegneria e scienze, periodici di economia e statistica e altri fondi comprendenti documenti di economia pervenuti in dono. 912 $aCFI0006492 950 0$aBiblioteca Centralizzata di Ateneo$c1 v.$d 01POZZO LIB.F. SANTI 335$e 0101 0060033585E VMA 1 v. (Precedente collocazione S 337)$fB $h20221108$i20221108 977 $a 01 996 $aTrasferimenti dello Stato alle imprese industriali negli anni Settanta$9299601 997 $aUNISANNIO